000 00877nac a22003017a 4500
001 BR0502493
003 BR-BrBNA
005 20240105123141.0
008 230509b bl.|||m| |||| 00| 0 por d
040 _aBR-BrBNA
_bpor
_cBiblioteca Nacional de Agricultura
041 _a(Pt)
072 _aE16
090 _a5213 BR0502493
110 1 _aConfederação da Agricultura e Pecuária do Brasil, Brasília, DF (Brasil)
_92548
245 1 _aIndicadores pecuários. Março de 2005
260 3 _aBrasília, DF (Brasil):
_c2005.
300 _a4 p.
490 _aIndicadores Pecuários (Brazil)
_vv. 4(4)
_x
500 _a6 illus.
650 _aGADO DE CORTE
650 _aAGRONEGÓCIO
650 _aPREÇO
650 _aINSUMO
650 _aRENTABILIDADE
650 _aCUSTO DE PRODUÇÃO
909 _a202312
_bLúcia Elande
_c55
_dLúcia Elande
942 _2AGRIS
_n0
_cMS
999 _c294205
_d294205